AH International Schools' Libraries

Dear Santa / (Record no. 49377)

MARC details
000 -LEADER
fixed length control field 00441nam a2200133 4500
020 ## - INTERNATIONAL STANDARD BOOK NUMBER
International Standard Book Number 9781447223818
100 ## - MAIN ENTRY--PERSONAL NAME
Personal name Campbell, Rod,
Relator term author.
9 (RLIN) 59229
245 ## - TITLE STATEMENT
Title Dear Santa /
Statement of responsibility, etc By Rod Campbell.
260 ## - PUBLICATION, DISTRIBUTION, ETC. (IMPRINT)
Place of publication, distribution, etc London ;
Name of publisher, distributor, etc Macmillan Children's Books :
Date of publication, distribution, etc 2012.
300 ## - PHYSICAL DESCRIPTION
Extent 16 pages.
Dimensions 17.6 x 1.3 x 17.7 cm.
650 ## - SUBJECT ADDED ENTRY--TOPICAL TERM
9 (RLIN) 63112
Topical term or geographic name as entry element Books : Children's Books : Holidays & Celebrations : Christmas
650 ## - SUBJECT ADDED ENTRY--TOPICAL TERM
9 (RLIN) 6588
Topical term or geographic name as entry element Surprise
Form subdivision Fiction.
942 ## - ADDED ENTRY ELEMENTS (KOHA)
Source of classification or shelving scheme
Koha item type Board Book
Holdings
Withdrawn status Lost status Source of classification or shelving scheme Damaged status Not for loan Home library Current library Date acquired Total Checkouts Full call number Barcode Checked out Date last seen Date checked out Price effective from Koha item type
          Logos International School Logos International School 08/21/2025 5 BB CAM 042882 05/01/2026 04/23/2026 04/23/2026 08/21/2025 Board Book

For any Logos Library related questions please contact Miss Art at swongnarasuk@asianhope.org.

For any Asian Hope Library related questions please contact Miss Raza at graza@asianhope.org.

Click here to explore our ebooks!

Powered by Koha